000 00394nam a2200145Ia 4500
008 230519s9999 xx 000 0 und d
020 _a0-8036-0194-8
041 _aeng
082 _a603/THO/DB0535
100 _aThomas Clayton ed
_9180398
245 _aTabers Cyclopedic Medical Dictionary
260 _bF A Davis Company
_aPhiladelphia
_c1997
300 _a2439p
999 _c159275
_d159275